Представление документа в формате RUSMARC

ПолеНазваниеЗначение
  Тип записи a
  Библиографический уровень m
001 Контрольный номер RU/CBS_UL/BASE/636715987
005 Дата корректировки 20260304142241.9
010 Индекс ISBN __
d Цена 107 р. 00 к.
9 Тираж экз.
100 Данные общей обработки __
a Данные общей обработки 20200305d2020 ||| 0rusy0189 ca
101 Язык документа 0_
a Язык текста rus
102 Страна публикации __
a Страна публикации RU
105 Кодированные данные (монография) __
a Кодированные данные (монография) y###||||000|y
181 Поле кодированных данных: вид содержания _1
a Код вида содержания (ISBD) i#
b Код характеристики содержания (ISBD) #xxe##
d i
g x
h x
i e
182 Поле кодированных данных: тип средства _1
a Код типа средства (ISBD) n
2 Код системы (источник кода, отличный от ISBD) isbdmedia
200 Заглавие и сведения об ответственности 1_
a Заглавие Все о призыве в армию
b Общее обозначение материала Текст
e Сведения, относящиеся к заглавию информационно-справочное пособие для настоящих и будущих призывников
f Первые сведения об ответственности Ю. А. Серов
w Текст (визуальный) : непосредственный
203 Вид содержания и тип средства __
a Вид содержания Текст
b Характеристика содержания визуальный
c Тип средства непосредственный
205 Сведения об издании __
a Основные сведения об издании 2-е изд., испр. и доп.
210 Выходные данные 1_
a Место издания Ярославль
c Издательство Академия развития
d Дата издания 2007
215 Физическое описание __
a Объем 192 с.
d Формат см.
225 Серия 0_
a Серия Старшекласснику, выпускнику, абитуриенту
300 Общие примечания __
a Общие примечания Под инв. номером 121045: Ц-1, 1-1, 10-1, 12-1
333 Примечание о целевом назначении __
a Примечание о целевом назначении 16+
606 Тематические рубрики 0_
a Основная рубрика Военная работа среди гражданского населения
610 Ключевые слова 0_
a Ключевые слова призывники
a Ключевые слова армия
a Ключевые слова справочники
a Ключевые слова военная служба
a Ключевые слова призыв в армию
686 Индексы других классификаций __
a Классификационный индекс 68.49(2Рос)9
2 Код системы rubbk
700 Автор 21
a Фамилия Серов
b Имя (инициалы) Юрий Анатольевич
g Полное личное имя Ю. А.
801 Источник записи _0
a Страна RU
b Организация МБУК ЦБС
c Дата составления 20200305
g Правила каталогизации RCR
801 Источник записи _1
a Страна RU
b Организация МБУК ЦБС г. Ульяновска
c Дата составления 20200305
g Правила каталогизации RCR
899 Данные о местонахождении __
i Авторский знак С 32
j Расстановочный фильтр 68.49(2Рос)
901 Тип документа __
t Тип документа m
910 Корректоры записи __
a Корректор записи Скрипина